Moderne Unternehmensstrategien und Führungsstrategien als Erfogsfaktor auf dem internationalen Arbeitsmarkt diplomová práca

Enregistré dans:
Détails bibliographiques
Auteur principal: Filipčík, Martin
Collectivité auteur: Fakulta aplikovaných jazykov EU v Bratislave. Katedra jazykovedy a translatológie
Autres auteurs: Széherová, Eva
Format: Livre
Langue:allemand
Publié: Bratislava 2015
Tags: Ajouter un tag
Pas de tags, Soyez le premier à ajouter un tag!

MARC

LEADER 00000nbm a2200000 4500
001 0201039
005 20161212094232.8
041 0 |a ger 
044 |a SK 
245 1 0 |a Moderne Unternehmensstrategien und Führungsstrategien als Erfogsfaktor auf dem internationalen Arbeitsmarkt  |b diplomová práca  |c Martin Filipčík ; školiteľ: Eva Széherová 
264 1 |a Bratislava  |c 2015 
300 |a 66 s. 
100 1 |a Filipčík, Martin 
700 1 |a Széherová, Eva 
710 2 |a Fakulta aplikovaných jazykov EU v Bratislave. Katedra jazykovedy a translatológie